Online
Catalog

El yacimiento de La Alcudia (Elche, Alicante) : (Record no. 41438)

MARC details
000 -CABECERA
campo de control de longitud fija 00834nam a2200205 a 4500
001 - NÚMERO DE CONTROL
campo de control 000041949
005 - FECHA Y HORA DE LA ÚLTIMA TRANSACCIÓN
campo de control 20201002035840.0
008 - DATOS DE LONGITUD FIJA--INFORMACIÓN GENERAL
campo de control de longitud fija 131016s2004 sp ac 000 0 spa d
020 ## - NÚMERO INTERNACIONAL ESTÁNDAR DEL LIBRO
Número Internacional Estándar del Libro 8400082656
040 ## - FUENTE DE LA CATALOGACIÓN
Centro catalogador/agencia de origen DO-SdBNP
Lengua de catalogación spa
Centro/agencia transcriptor BNPHU
245 00 - MENCIÓN DE TÍTULO
Título El yacimiento de La Alcudia (Elche, Alicante) :
Resto del título pasado y presente de un enclave ibérico /
Mención de responsabilidad, etc. coordinador Trinidad Tortosa.
260 ## - PUBLICACIÓN, DISTRIBUCIÓN, ETC.
Lugar de publicación, distribución, etc. Barcelona :
Nombre del editor, distribuidor, etc. CSIC,
Fecha de publicación, distribución, etc. 2004.
300 ## - DESCRIPCIÓN FÍSICA
Extensión 259 p. :
Otras características físicas il., retrs. ;
Dimensiones 29 cm.
490 1# - MENCIÓN DE SERIE
Mención de serie Anejos de Archivo Español de Arqueología ;
Designación de volumen o secuencia 30
504 ## - NOTA DE BIBLIOGRAFÍA, ETC.
Nota de bibliografía, etc. Bibliografía : p. 245 -255
504 ## - NOTA DE BIBLIOGRAFÍA, ETC.
Nota de bibliografía, etc. Incluye referencias bibliográficas y notas al pie de las páginas
700 1# - PUNTO DE ACCESO ADICIONAL--NOMBRE DE PERSONA
Nombre de persona Tortosa, Trinidad,
Término indicativo de función/relación ed.
9 (RLIN) 68866
710 2# - PUNTO DE ACCESO ADICIONAL--NOMBRE DE ENTIDAD CORPORATIVA
Nombre de entidad corporativa o nombre de jurisdicción como elemento de entrada Consejo Superior de Investigaciones Científicas
9 (RLIN) 4786
830 #0 - PUNTO DE ACCESO ADICIONAL DE SERIE-TÍTULO UNIFORME
Título uniforme Anejos de Archivo Español de Arqueología ;
Designación de volumen o secuencia 30
9 (RLIN) 68867
Holdings
Estado de retiro Estado de pérdida Restricciones de uso No para préstamo Código de colección Localización permanente Ubicación/localización actual Ubicación en estantería Fecha de adquisición Número de inventario Total de préstamos Signatura topográfica completa Código de barras Fecha visto por última vez Precio válido a partir de Tipo de ítem Koha
        Monografías: Libros y Folletos General General Orden iniciada 24.10.2013 LF1   41949-10 25.06.2020 25.06.2020 No se presta

Powered by Koha